Statystyki dla Największe aglomeracje na Litwie

Kliknij tutaj aby rozwiązać quiz!

Ogólne statystyki

  • Ten quiz został rozwiązany 96 razy
  • Średni wynik to 4 z 5

Statystyki odpowiedzi

MiejsceMieszkańcyNazwa% Poprawnych
1.820 000Aglomeracja Wileńska
100%
2.336 912Aglomeracja Kowieńska
92%
3.172 272Aglomeracja Kłajpedzka
84%
4.113 100Aglomeracja Szawelska
47%
5.95 218Aglomeracja Poniewieska
43%

Rozkład punktacji

Percentyl według liczby udzielonych odpowiedzi

Procent ludzi z każdym wynikiem

Twoja historia wyników

Nie rozwiązałeś tego quizu